Understanding information technology : basic terminology and practice

Αποθηκεύτηκε σε:
Λεπτομέρειες βιβλιογραφικής εγγραφής
Κύριος συγγραφέας: Pinkerton, John Maurice McClean 1919-
Μορφή: Βιβλίο
Γλώσσα:English
Δημοσίευση: New York : E. Horwood, 1990
Σειρά:Ellis Horwood books in information technology
Θέματα:
Ετικέτες: Προσθήκη ετικέτας
Δεν υπάρχουν, Καταχωρήστε ετικέτα πρώτοι!

MARC

LEADER 00000cam a2200000 i 4500
001 1/63754
008 941103s1990 eng d
020 |a 0139468986 
035 |l 10046844 
035 |a 1993  |c ΠΑΝΑΓΙΩΤΟΠΟΥΛΟΣ 
040 |a GR-MY-UA  |b gre  |e aacr 
041 0 |a eng 
082 0 |a 658.4038  |2 (20) 
100 1 |a Pinkerton, John Maurice McClean  |d 1919- 
245 1 0 |a Understanding information technology :  |b basic terminology and practice /  |c John M.M. Pinkerton 
260 |a New York :   |b E. Horwood,   |c 1990 
300 |a 150 p.;  |b ill.;  |c 25 cm 
490 1 |a Ellis Horwood books in information technology 
504 |a Includes bibliographical references (p. [123]-126) and index 
650 0 0 |a Information technology. 
830 0 |a Ellis Horwood books in information technology 
852 |a INST  |b SAMOS  |e 19941103  |h 658.4038 PIN  |p 005300003714  |q 005300003714  |t BK  |y 0 
909 |a Σ  |b 029596